Praktické cvičenia z nemeckého jazyka Texte zur Inhalts- und Sprachanalyse

Saved in:
Bibliographic Details
Format: Book
Language:German
Published: Košice Univerzita P.J. Šafárika 1992
Tags: Add Tag
No Tags, Be the first to tag this record!

MARC

LEADER 00000nam a2200000 4500
001 c003847
005 20260327125745.8
020 |a 80-7097-172-X 
041 0 |a ger 
044 |a SK 
245 1 0 |a Praktické cvičenia z nemeckého jazyka  |b Texte zur Inhalts- und Sprachanalyse  |c Oľga Segľová, Ladislav Šimon 
264 1 |a Košice  |b Univerzita P.J. Šafárika  |c 1992 
300 |a 169 s.